Lei anticorrupção : (Record no. 70)

MARC details
000 -LÍDER
Campo Fixo de Controle 00866cam a2200241 a 4500
001 - NÚMERO DE CONTROLE
Campo de Controle 70
003 - IDENTIFICAÇÃO DO NÚMERO DE CONTROLE
Campo de Controle BR-CuiBMT
005 - DATA E HORA DA ÚLTIMA ATUALIZAÇÃO
Campo de Controle 20231108002726.0
008 - DADOS FIXOS
Dados Fixos 230809s2018 mbg 000 0 por d
020 ## - INTERNATIONAL STANDARD BOOK NUMBER
Nº do ISBN 9788545004141
040 ## - AGÊNCIA CATALOGADORA
Código da Agência Catalogadora BR-CuiBMT
Agência que transcreveu o registro BR-CuiBMT
080 ## - Nº DA CLASSIFICAÇÃO DECIMAL UNIVERSAL
Nº edição CDU 2007
Nº Class. CDU 343.352
Subd. Auxiliar Comum (094.5)
090 ## - NÚMERO DE CHAMADA
Nº classificação 343.352(094.5)
Cutter L638l
100 1# - ENTRADA PRINCIPAL -- AUTOR PESSOAL
Nome pessoal Lessa, Sebastião José.
245 10 - TÍTULO PRINCIPAL
Título principal Lei anticorrupção :
Subtítulo mecanismos de contenção, de repressão e de reparação - lei n° 12.846/2013 e decreto n° 8.420/2015 /
Indicação de responsabilidade Sebastião José Lessa ; prefácio Marcos Leôncio Sousa Ribeiro.
260 ## - PUBLICAÇÃO, DISTRIBUIÇÃO, ETC.
Local de publicação Belo Horizonte :
Editora Fórum,
Data 2018.
300 ## - DESCRIÇÃO FÍSICA
N. páginas ou volumes 157 p. :
Ilustrações il. ;
Dimensões 22 cm
504 ## - NOTA DE BIBLIOGRAFIA, ETC.
Nota de bibliografia Inclui bibliografia.
650 ## - ASSUNTO TÓPICO
Cabeçalho tópico ou nome geográfico Crimes contra a administração pública
Subdivisão de forma Legislação
Subdivisão geográfica Brasil
650 ## - ASSUNTO TÓPICO
Cabeçalho tópico ou nome geográfico Direito público
650 ## - ASSUNTO TÓPICO
Cabeçalho tópico ou nome geográfico Direito administrativo
942 ## - ELEMENTOS DE ENTRADA ADICIONAIS (KOHA)
Fonte de classificação ou esquema de arquivamento Classificação Decimal Universal
Tipo de item do Koha Livros
Holdings
Estado: removido Estado: perdido Fonte de classificação ou esquema de arquivamento Estado: danificado Indisponível para empréstimo Localização permanente Localização atual Data de aquisição Total Checkouts Número de Chamada completo Código de barras Date last seen Número do exemplar Preço efetivo a partir de Tipo de item (Koha)
    Classificação Decimal Universal     Biblioteca da Escola Superior de Contas do TCE/MT Biblioteca da Escola Superior de Contas do TCE/MT 28/06/2023   343.352(094.5) L638l BIBTCEMT23080046 09/08/2023 Ex. 1 09/08/2023 Livros

Powered by Koha